The Prophet of Islam; (Record no. 85182)
[ view plain ]
| 000 -LEADER | |
|---|---|
| fixed length control field | 00677cam a22002291 4500 |
| 001 - CONTROL NUMBER | |
| control field | sa 68013574 |
| 003 - CONTROL NUMBER IDENTIFIER | |
| control field | DLC |
| 005 - DATE AND TIME OF LATEST TRANSACTION | |
| control field | 20260227112622.0 |
| 008 - FIXED-LENGTH DATA ELEMENTS--GENERAL INFORMATION | |
| fixed length control field | 911025s1966 pk 000 0deng |
| 010 ## - LIBRARY OF CONGRESS CONTROL NUMBER | |
| LC control number | sa 68013574 |
| 025 ## - OVERSEAS ACQUISITION NUMBER | |
| Overseas acquisition number | PL480:P-E-1110 |
| 035 ## - SYSTEM CONTROL NUMBER | |
| System control number | (OCoLC)24619953 |
| 040 ## - CATALOGING SOURCE | |
| Original cataloging agency | DLC |
| Transcribing agency | CSt |
| Modifying agency | DLC |
| 050 00 - LIBRARY OF CONGRESS CALL NUMBER | |
| Classification number | BP75 |
| Item number | .A515 |
| 082 ## - DEWEY DECIMAL CLASSIFICATION NUMBER | |
| Classification number | 297/.63/08 |
| 100 1# - MAIN ENTRY--PERSONAL NAME | |
| Personal name | Ahmad, Khurshid. |
| 245 14 - TITLE STATEMENT | |
| Title | The Prophet of Islam; |
| Remainder of title | peace be upon him. |
| Statement of responsibility, etc. | Compiled and edited by Khurshid Ahmid [and] Ahmad Anas. |
| 260 ## - PUBLICATION, DISTRIBUTION, ETC. | |
| Place of publication, distribution, etc. | Karachi, |
| Name of publisher, distributor, etc. | Seerat Academy, Jamiyat-ul-Falah, |
| Date of publication, distribution, etc. | 1966. |
| 300 ## - PHYSICAL DESCRIPTION | |
| Extent | ii, 96 p. |
| Dimensions | 25 cm. |
| 600 00 - SUBJECT ADDED ENTRY--PERSONAL NAME | |
| Personal name | Muḥammad, |
| Titles and other words associated with a name | Prophet, |
| Dates associated with a name | -632. |
| 700 0# - ADDED ENTRY--PERSONAL NAME | |
| Personal name | Ahmad Anas. |
No items available.